UBT Library

Crosscurrents : (Record no. 40935)

000 -LEADER
fixed length control field 00932pam a2200301 a 4500
001 - CONTROL NUMBER
control field 12792756
005 - DATE AND TIME OF LATEST TRANSACTION
control field 20180125071729.0
008 - FIXED-LENGTH DATA ELEMENTS--GENERAL INFORMATION
fixed length control field 020516s2002 onca b 000 0 eng
010 ## - LIBRARY OF CONGRESS CONTROL NUMBER
LC control number 2004353890
016 ## - NATIONAL BIBLIOGRAPHIC AGENCY CONTROL NUMBER
Record control number 20019040334
020 ## - INTERNATIONAL STANDARD BOOK NUMBER
International Standard Book Number 0176169644 (pbk.)
035 ## - SYSTEM CONTROL NUMBER
System control number (OCoLC)ocm48532516
040 ## - CATALOGING SOURCE
Original cataloging agency NLC
Language of cataloging eng
Transcribing agency NLC
Modifying agency ORU
-- DLC
041 ## - LANGUAGE CODE
Language code of text/sound track or separate title eng
042 ## - AUTHENTICATION CODE
Authentication code lccopycat
043 ## - GEOGRAPHIC AREA CODE
Geographic area code n-cn---
080 ## - UNIVERSAL DECIMAL CLASSIFICATION NUMBER
Universal Decimal Classification number 971.0648 CHAR
082 04 - DEWEY DECIMAL CLASSIFICATION NUMBER
Classification number 971.0648 CHAR
Edition number 21
100 ## - Rafti
Rafti 19
101 ## - Shkurtesa
Shkurtesa POL
245 00 - TITLE STATEMENT
Title Crosscurrents :
Statement of responsibility, etc edited by Mark Charlton and Paul Barker.
246 30 - VARYING FORM OF TITLE
Title proper/short title Contemporary political issues
504 ## - BIBLIOGRAPHY, ETC. NOTE
Bibliography, etc Includes bibliographical references.
906 ## - LOCAL DATA ELEMENT F, LDF (RLIN)
a 7
b cbc
c copycat
d 2
e ncip
f 20
g y-gencatlg
942 ## - ADDED ENTRY ELEMENTS (KOHA)
Source of classification or shelving scheme
Item type Books
Holdings
Withdrawn status Lost status Source of classification or shelving scheme Damaged status Not for loan Collection code Permanent location Current location Shelving location Date acquired Total Checkouts Full call number Barcode Date last seen Price effective from Koha item type
          Koleksioni i përgjithshem UBT - Lipjan UBT - Lipjan Koleksioni i përgjithshem 01/25/2018   971.0648 CHAR 002-2996166 01/25/2018 01/25/2018 Books
UBT Library © 2015-2024. All rights reserved University Education for Business and Technology